Uczelnie według stanu USA - quiz wielokrotnego wyboru - Statystyki

Ogólne statystyki
  • Ten quiz został rozwiązany 5 razy
  • Średni wynik to 5 z 15
Statystyki odpowiedzi
Zagadnienie Odpowiedź % Poprawnych
Duke Karolina Północna
100%
Columbia Nowy Jork
67%
Carnegie Mellon Pensylwania
67%
Yale Connecticut
33%
Stanford Kalifornia
33%
Clemson Karolina Południowa
33%
Tulane Luizjana
33%
Princeton New Jersey
33%
Oberlin Ohio
33%
Brigham Young Utah
33%
Northwestern Illinois
0%
Notre Dame Indiana
0%
Johns Hopkins Maryland
0%
Rice Teksas
0%
William & Mary Wirginia
0%
Nie znaleziono quizów pasujących do podanych kryteriów
Rozkład punktacji
Procent ludzi z każdym wynikiem
Percentyl według liczby udzielonych odpowiedzi
Twoja historia wyników
Nie rozwiązałeś tego quizu